000
00276nam a22001337a 4500
008
170323b xxu||||| |||| 00| 0 eng d
020
_a
0397512295
041
_a
eng
080
_2
3RD
_a
616.9
100
_a
7
101
_a
SHM
245
_a
AIDS
_c
DEVITA, V.T
942
_2
udc
_c
BK
999
_c
8458
_d
8458